000 00417nam a2200157Ia 4500
008 240729s9999 xx 000 0 und d
022 _a1349-1008
245 0 _aPlant Production Science
260 _aUnited Kingdom
260 _bTaylor & Francis Group
650 _a Plant culture
650 _aAgriculture
856 _uhttps://doaj.org/toc/aa34a15edbd9485c90708855354f24f9
942 _2ddc
942 _cDOAJEJ
999 _c73162
_d73162
945 _a1
_bMadushi Gamage
_c1
_dMadushi Gamage